Miasta Polski z błędnymi województwami w nazwie - Statystyki

Ogólne statystyki
  • Ten quiz został rozwiązany 27 razy
  • Średni wynik to 11 z 25
Statystyki odpowiedzi
Województwo w nazwie Miasto Województwo, w którym leży % Poprawnych
Podlaskie Biała Podlaska Lubelskie
80%
Wielkopolskie Gorzów Wielkopolski Lubuskie
80%
Mazowieckie Tomaszów Mazowiecki Łódzkie
76%
Mazowieckie Rawa Mazowiecka Łódzkie
72%
Podlaskie Sokołów Podlaski Mazowieckie
68%
Pomorskie Kamień Pomorski Zachodniopomorskie
64%
Małopolskie Sędziszów Małopolski Podkarpackie
60%
Śląskie Środa Śląska Dolnośląskie
60%
Mazowieckie Wysokie Mazowieckie Podlaskie
60%
Podlaskie Radzyń Podlaski Lubelskie
48%
Małopolskie Głogów Małopolski Podkarpackie
44%
Pomorskie Drawsko Pomorskie Zachodniopomorskie
36%
Podlaskie Międzyrzec Podlaski Lubelskie
36%
Śląskie Stronie Śląskie Dolnośląskie
36%
Śląskie Ząbkowice Śląskie Dolnośląskie
36%
Pomorskie Jabłonowo Pomorskie Kujawsko-Pomorskie
32%
Pomorskie Kalisz Pomorski Zachodniopomorskie
32%
Śląskie Gorzów Śląski Opolskie
28%
Śląskie Gryfów Śląski Dolnośląskie
28%
Małopolskie Sokołów Małopolski Podkarpackie
28%
Wielkopolskie Janowiec Wielkopolski Kujawsko-Pomorskie
24%
Pomorskie Kowalewo Pomorskie Kujawsko-Pomorskie
24%
Śląskie Lwówek Śląski Dolnośląskie
24%
Śląskie Jaworzyna Śląska Dolnośląskie
20%
Śląskie Oborniki Śląskie Dolnośląskie
20%
Nie znaleziono quizów pasujących do podanych kryteriów
Rozkład punktacji
Procent ludzi z każdym wynikiem
Percentyl według liczby udzielonych odpowiedzi
Twoja historia wyników
Nie rozwiązałeś tego quizu